Górnictwo węgla kamiennego w nowych warunkach gospodarowania
| Titel: | Górnictwo węgla kamiennego w nowych warunkach gospodarowania |
|---|---|
| Verfasser: | |
| In: |
Przegla̜d geograficzny, Band 70, Heft 1-2 (1998), Seite 69-85, ryc. 5, tab. 7 alle Artikel anzeigen |
| Veröffentlicht: | 1998 |
| Format: | Aufsatz |
| Sprache: | Polnisch |
X
alg: 39451788 001A $01999:12-11-16 001B $01999:29-04-21 $t21:34:12.000 001C $06050:19-11-16 $t08:53:25.000 001D $01999:12-11-16 001U $0utf8 001X $00 002@ $0Aox 003@ $0394517881 007A $0394517881 $aHEB 007T $0Herdww025791 010@ $apol 011@ $a1998 021A $aGórnictwo węgla kamiennego w nowych warunkach gospodarowania 028A $aTkocz $dMaria 031A $d70 $e1-2 $h69-85, ryc. 5, tab. 7 $j1998 037A $aengl. Res. 85: Coal Mining in New Economic Conditions 039B $aIn $8--Abvc--. Przegla̜d geograficzny. - Warszawa : Państwowe Wydawn. Naukowe, 1918-. - ISSN 0033-2143 $x199800000700001931 $9047308648 045F $a330.094385 $eDDC23BSB 045F/01 $a330.09 045F/03 $g4385 045T $a14 lok: 39451788 78 exp: 39451788 78 1 #EPN 201B/01 $018-11-16 $t11:51:56.000 201U/01 $0utf8 203@/01 $0790628317 208@/01 $a12-11-16 $be 209A/01 $a/ $f000 $x00 220C/01 $aTitelaufnehmer: KS 244Z/01 $2Trx $#Silesia $#Śląsk $#Sliezsko $#Slezsko $8--Trx--Schlesien $x01 $9391173987 244Z/01 $aGeschichte 1989-1998 $x02 244Z/01 $2Trx $#kaevandus kivisüsi $#kalnakasyba akmens anglis $#mining hard coal $#bányászat köszén $#górnictwo węgla kamiennego $#ťažba čierneho uhlia $#těžba kamenného uhlí $#Steinkohle $#Kohle $#coal $#węgiel kamienny $#čierne uhlie $#kamenné uhlí $8--Trx--Bergbau$gSteinkohle $x03 $9391379291 244Z/01 $2Trx $8--Trx--Zeitschriftenaufsatz $x04 $9391384341 245Z/01 $a09.04 $x01 247C/01 $82080>Marburg/Lahn, Herder-Institut, Forschungsbibliothek, Bibliographieportal $9336309341
| LEADER | 00000caa a22000002c 4500 | ||
|---|---|---|---|
| 001 | 394517881 | ||
| 003 | DE-603 | ||
| 005 | 20210429213412.0 | ||
| 007 | tu | ||
| 008 | 161112s1998 xx |||| | u00||u|pol c | ||
| 035 | |a (DE-599)HEB394517881 | ||
| 040 | |a DE-603 |b ger |c DE-603 |d DE-603 | ||
| 041 | |a pol | ||
| 082 | 0 | 4 | |8 1\u |a 330.094385 |q DE-101 |2 23/BSB |
| 084 | |a 14 |2 ssgn | ||
| 085 | |8 1\u |b 330.09 | ||
| 085 | |8 1\u |z 2 |s 4385 | ||
| 100 | 1 | |a Tkocz, Maria | |
| 245 | 0 | 0 | |a Górnictwo węgla kamiennego w nowych warunkach gospodarowania |
| 264 | 0 | |c 1998 | |
| 500 | |a engl. Res. 85: Coal Mining in New Economic Conditions | ||
| 773 | 0 | 8 | |i In |t Przegla̜d geograficzny |d Warszawa : Państwowe Wydawn. Naukowe, 1918- |x 0033-2143 |g Band 70, Heft 1-2 (1998), Seite 69-85, ryc. 5, tab. 7 |w (DE-603)047308648 |w (DE-600)209415-0 |
| 924 | 0 | |9 2080 |a (DE-603)790628317 |b DE-2080 |c HES |d d |g / | |


